Principles of communication engineering /

Chi tiết về thư mục
Tác giả chính: Wozencraft, John M.
Tác giả khác: Jacobs, Irwin Mark (joint author.)
Định dạng: Sách
Ngôn ngữ:English
Được phát hành: New York : Wiley, 1965 [reissued 1990].
Những chủ đề:
Classic Catalogue: View this record in Classic Catalogue
LEADER 02336nam a2200337 a 4500
001 0019881
003 BD-DhAAL
008 100309r19901965nyua b 001 0 eng d
010 |a \\\65016429  
020 |a 0881335541 
040 |a DLC  |c OTU  |d OCoLC  |d FrCoUT  |d Uk  |d DLC  |d BD-DhAAL 
082 |a 621.38  |2 16 
100 1 |a Wozencraft, John M.  |9 58921 
245 1 0 |a Principles of communication engineering /  |c by John M. Wozencraft and Irwin Mark Jacobs. 
260 |a New York :  |b Wiley,  |c 1965 [reissued 1990]. 
300 |a xv, 720 p. :  |b illus. ;  |c 24 cm 
504 |a Includes bibliographical references and index. 
526 |a CSE  |x Course Name : Communication Engineering (ECE 310) 
541 1 |e 0019881 
650 0 |a Telecommunication. 
650 0 |a Statistical communication theory.  |9 41730 
700 1 |a Jacobs, Irwin Mark,  |e joint author.  |9 58922 
852 4 |a Ayesha Abed Library  |c General Stacks 
942 |2 ddc  |c BK 
999 |c 8560  |d 8560 
952 |0 0  |1 0  |2 ddc  |4 0  |6 621_380000000000000_WOZ_1990  |7 0  |9 10177  |a BRACUL  |b BRACUL  |c GEN  |d 2010-05-16  |l 1  |o 621.38 WOZ  |p 3010019881  |r 2021-06-27  |s 2021-06-27  |t 1  |w 2010-05-16  |y BK 
952 |0 0  |1 0  |2 ddc  |4 0  |6 621_380000000000000_WOZ_1990  |7 0  |9 10179  |a BRACUL  |b BRACUL  |c GEN  |d 2010-05-16  |l 0  |o 621.38 WOZ  |p 3010019882  |r 2010-05-16  |t 2  |w 2010-05-16  |y BK 
952 |0 0  |1 0  |2 ddc  |4 0  |6 621_380000000000000_WOZ_1990  |7 0  |9 10181  |a BRACUL  |b BRACUL  |c GEN  |d 2010-05-16  |e Trim Education  |g 9395.00  |l 0  |o 621.38 WOZ  |p 3010020237  |r 2010-05-16  |t 4  |v 18790.00  |w 2010-05-16  |y BK  |x Requisitioned for the course named- "Communication Engineering (ECE 310)" 
952 |0 0  |1 0  |2 ddc  |4 0  |6 621_380000000000000_WOZ_1990  |7 0  |9 10182  |a BRACUL  |b BRACUL  |c GEN  |d 2010-05-16  |e Trim Education  |g 9395.00  |l 0  |o 621.38 WOZ  |p 3010020236  |r 2010-05-16  |t 3  |v 18790.00  |w 2010-05-16  |y BK  |x Requisitioned for the course named- "Communication Engineering (ECE 310)" 
952 |0 0  |1 0  |2 ddc  |4 0  |6 621_380000000000000_WOZ_1990  |7 0  |9 10865  |a BRACUL  |b BRACUL  |c GEN  |d 2010-06-10  |e Trim Education  |g 9395.00  |l 0  |o 621.38 WOZ  |p 3010020434  |r 2010-06-10  |t 5  |v 18790.00  |w 2010-06-10  |y BK  |x Requisitioned for the course named- "Communication Engineering (ECE 310)" 
952 |0 0  |1 0  |2 ddc  |4 0  |6 621_380000000000000_WOZ_1990  |7 0  |9 10866  |a BRACUL  |b BRACUL  |c GEN  |d 2010-06-10  |e Trim Education  |g 9395.00  |l 0  |o 621.38 WOZ  |p 3010020435  |r 2010-06-10  |t 6  |v 18790.00  |w 2010-06-10  |y BK  |x Requisitioned for the course named- "Communication Engineering (ECE 310)"